000 00904nam a2200289Ia 4500
001 Z_5899
003 CHAP
008 220113s2010 xx 000 0 und d
010 _a169108
040 _cCHAP
090 _aTesis G 2167
100 _aGarcía Munguía,Carlos Alberto.
_946351
245 _aInclisión del coeficiente de consanguinidad en los modelos para la evaluación genética de bovinos /
_cCarlos Alberto García Munguía
260 _aChapingo,Méx. :
_b,
_c2010
300 _a67 h.
502 _aTesis (Maestro en Ciencias en Innovación Ganadera ).--UACH. Departamento de Zootecnia
650 _aCoeficiente de consanguinidad
_9143435
650 _aEvaluación genética
_9143436
650 _aGanado bovino
_9138033
650 _aJersey
_xSuizo Americano
_9143437
901 _aTESIS G 2167
902 _aM
910 _a2010
942 _c2
942 _c2
999 _c169108
_d169108